000 00513nam a2200145 a 4500
008 120416s1952 ||||||||||||||||| || u
050 _aQ 181 Mei
100 _aShoemaker, Lois M
245 1 0 _aScience for a better world
260 _aNew York
_bCharles Scribner's Sons
_c1952
300 _avi, 778p. : ill.
350 _a0.00
700 _aMeister, Morris
995 _D0.00
_FCBU-MAIN LIBRARY (Kitwe)
_H1
_I18.99
_M1
_UAVAILABLE
_ZAnnex Low-Usage Collection
999 _c57095
_d57095